| Tag |
First Indicator |
Second Indicator |
Subfields |
| LEADER |
00000cam a2200000 i 4500 |
| 001 |
in00000322521 |
| 005 |
20151010160751.0 |
| 008 |
760916s1976 nyua b 10010 eng |
| 010 |
|
|
|a 76367668
|z 74030514
|
| 035 |
|
|
|a (OCoLC)02930731
|
| 035 |
|
|
|9 ABJ4857AM
|
| 040 |
|
|
|a DLC
|c DLC
|d TXA
|d UtOrBLW
|
| 049 |
|
|
|a TXAM
|c [1477194]
|
| 050 |
0 |
0 |
|a TA174
|b .D45 1976
|
| 082 |
0 |
|
|a 620/.004/2
|
| 111 |
2 |
|
|a Design Automation Conference
|n (13th :
|d 1976 :
|c San Francisco)
|
| 245 |
1 |
0 |
|a Proceedings /
|c no. 13, Design Automation Conference, June 28, 29 & 30, 1976, San Francisco, California.
|
| 264 |
|
1 |
|a New York :
|b Institute of Electrical and Electronics Engineers,
|c [1976]
|
| 264 |
|
4 |
|c ©1976
|
| 300 |
|
|
|a x, 501 pages :
|b illustrations ;
|c 28 cm.
|
| 336 |
|
|
|a text
|b txt
|2 rdacontent
|
| 337 |
|
|
|a unmediated
|b n
|2 rdamedia
|
| 338 |
|
|
|a volume
|b nc
|2 rdacarrier
|
| 500 |
|
|
|a "Under joint sponsorship of the ACM and IEEE."
|
| 500 |
|
|
|a "IEEE catalog number 76 CH1098-3C."
|
| 504 |
|
|
|a Includes bibliographies.
|
| 650 |
|
0 |
|a Engineering design
|x Data processing
|v Congresses.
|
| 710 |
2 |
|
|a Association for Computing Machinery.
|
| 710 |
2 |
|
|a Institute of Electrical and Electronics Engineers.
|
| 999 |
|
|
|a MARS
|
| 999 |
f |
f |
|s dc001ca8-3883-36ac-a701-d9a8e2add58e
|i 70ebf96a-124b-30e6-9ba2-92856baac590
|t 0
|
| 952 |
f |
f |
|p ric
|a Texas A&M University
|b Rellis Campus
|c Joint Library Facility
|d Remote Storage
|t 0
|e TA174 .D45 1976
|h Library of Congress classification
|i unmediated -- volume
|m A14805297170
|
| 998 |
f |
f |
|a TA174 .D45 1976
|t 0
|l Remote Storage
|